000 00869cab a2200253 4500
001 ABS52249
008 090401t1995 xxu||||| |||| 00| 0 eng d
035 _a(Sirsi) u68158
041 _aeng
100 _aOsborn, N.E.
245 _aCompulsory purchase: recent developments
260 _c1995
350 _a0
490 _aSolicitors` Journal
_v139)5) 10 February 1995, 115-116(2)
520 _aUpdate on compulsory purchase case law, cases heard in 1994.
650 _aCOMPULSORY PURCHASE OF LAND REGULATIONS 1994
650 _aDOE CIRCULAR 14/1994
650 _aDON AND DON V SOS ENVIRONMENT AND MANCHESTER CC
650 _aGLAMORGAN CC V OGWR BC
650 _aJUDGE V SOS ENVIRONMENT V TEESSIDE UDC
690 _aENVIRONMENTAL AND LAND CONSULTANCY-PLANNING AND DEVELOPMENT-COMPULSORY PURCHASE AND COMPENSATION
942 _n0
948 _c04/03/1997
999 _c42735
_d42735